Podnik ako predmet záložného práva-z pohľadu právnej teórie a z hľadiska možnosti využiteľnosti v podnikateľskej praxi

Charakteristika záložného práva. Predmet záložného práva - podnik. Predmet zálohu podľa Obchodného zákonníka. Vznik záložného práva.

Na minha lista:
Detalhes bibliográficos
Autor principal: Lukačovičová, Iva
Formato: Capítulo de Livro
Idioma:eslovaco
Assuntos:
Tags: Adicionar Tag
Sem tags, seja o primeiro a adicionar uma tag!

MARC

LEADER 00000naa$a2200000$$$4500
001 0068097
005 20240502071823.4
041 0 |a slo 
044 |a SK 
245 1 0 |a Podnik ako predmet záložného práva-z pohľadu právnej teórie a z hľadiska možnosti využiteľnosti v podnikateľskej praxi  |c Iva Lukačovičová 
520 |a Charakteristika záložného práva. Predmet záložného práva - podnik. Predmet zálohu podľa Obchodného zákonníka. Vznik záložného práva. 
610 2 0 |a zákonník obchodný 
610 2 0 |a podnik 
610 2 0 |a právo záložné 
610 2 0 |a legislatíva 
100 1 |a Lukačovičová, Iva